[Event "Mistrzostwa Polski Juniorow Mlodszych do lat 14 - OOM Zachodniopomorskie 2023"]
[Site "Darlowek"]
[Date "1899-12-30"]
[Round "1.1"]
[White "Cieslak, Patryk"]
[Black "Lechowski, Witold"]
[Result "1-0"]
[WhiteTitle "FM"]
[BlackTitle "I"]
[WhiteElo "2319"]
[BlackElo "1650"]

1. e4 c5 2. Nf3 d6 3. d4 cxd4 4. Nxd4 Nf6 5. Nc3 a6 6. Be3 e5 7. Nb3 Be7 8. h3
Be6 9. f4 b5 10. f5 Bxb3 11. axb3 b4 12. Nd5 Nxe4 13. Nxe7 Qxe7 14. Qd5 Qh4+ 15.
Kd1 O-O 16. Qxa8 d5 17. Be2 d4 18. Bf3 Nf6 19. Bd2 e4 20. Be2 Qf2 21. Qb7 Qxg2
22. Re1 Rd8 23. Qb6 Re8 24. Bc4 e3 25. Bxb4 Nbd7 26. Qxd4 Ne5 27. Qxe3 Rd8+ 28.
Kc1 Nf3 1-0

[Event "Mistrzostwa Polski Juniorow Mlodszych do lat 14 - OOM Zachodniopomorskie 2023"]
[Site "Darlowek"]
[Date "1899-12-30"]
[Round "1.2"]
[White "Majcher, Igor"]
[Black "Sowinski, Pawel"]
[Result "0-1"]
[WhiteTitle "II+"]
[BlackTitle "FM"]
[WhiteElo "1646"]
[BlackElo "2313"]

1. e4 d6 2. d4 Nf6 3. Nc3 e5 4. Nf3 Nbd7 5. Bg5 Be7 6. Qd2 O-O 7. O-O-O c6 8. dxe5
dxe5 9. h4 b5 10. Bxf6 Bxf6 11. g4 Be7 12. g5 Qa5 13. Kb1 b4 14. Ne2 Nb6 15. Nc1
Bg4 16. Be2 Bxf3 17. Bxf3 c5 18. Qe2 c4 19. Bg4 c3 20. Rh3 Qc5 21. Nb3 Qc6 22.
Rhd3 cxb2 23. Bd7 Qc7 24. Bb5 a6 25. Rd7 Nxd7 26. Rxd7 Qb6 27. Bc4 Ra7 28. Rd5
a5 29. Rxe5 a4 30. Nd2 b3 31. cxb3 Qd4 32. Rd5 Qc3 33. Qd1 axb3 34. Bxb3 Rc7 35.
Qc2 Qxc2+ 36. Bxc2 Rfc8 37. Bb3 Ba3 38. Nc4 Rxc4 39. Bxc4 Rxc4 40. Rd8+ Bf8 41.
Re8 Rb4 42. a3 Rb3 43. a4 g6 44. a5 Kg7 45. a6 Bc5 46. f4 Bd4 47. Rd8 Rd3 48.
Rb8 Rd1+ 49. Kc2 0-1

[Event "Mistrzostwa Polski Juniorow Mlodszych do lat 14 - OOM Zachodniopomorskie 2023"]
[Site "Darlowek"]
[Date "1899-12-30"]
[Round "1.3"]
[White "Warchol, Kamil"]
[Black "Rosa, Antoni"]
[Result "1-0"]
[WhiteTitle "FM"]
[BlackTitle "I++"]
[WhiteElo "2103"]
[BlackElo "1643"]

1. e4 e6 2. d4 d5 3. Nc3 dxe4 4. Nxe4 Nd7 5. Nf3 Be7 6. Bd3 Ngf6 7. Nxf6+ Bxf6
8. Qe2 O-O 9. h4 g6 10. h5 e5 11. dxe5 Re8 12. hxg6 hxg6 13. Bf4 Nxe5 14. Bxe5
Bg4 15. O-O-O Bxe5 16. Qd2 Bxf3 17. gxf3 Qf6 18. Qb4 a5 19. Qa3 b5 20. c3 Bd6
21. Qb3 a4 22. Qc2 a3 23. b3 b4 24. Be4 Ra5 25. Kb1 bxc3 26. Rh3 Rg5 27. Bd3 Rge5
28. Qxc3 Qe6 29. Rhh1 Qf6 30. Bc4 Rf5 31. Qxf6 Rxf6 32. Rh3 Be5 33. Re1 Rf4 34.
Re3 Rd4 35. Rh1 Rd2 36. f4 Rb2+ 37. Ka1 Bd4 38. Rxe8+ Kg7 39. Re4 Bc3 40. Re3
Bd4 41. Re4 Bc3 42. Rh3 Bf6 43. Re5 Rxf2 44. Kb1 Rb2+ 45. Kc1 Rxa2 46. b4 Rb2
47. Ra5 Rxb4 48. Ba2 Bb2+ 49. Kc2 Rxf4 50. Rc5 Rf2+ 51. Kb3 Rf4 52. Rxc7 g5 53.
Rc4 Rf2 54. Rc5 f5 55. Bb1 Kg6 56. Rxf5 Rxf5 57. Rf3 g4 58. Rxf5 1-0

[Event "Mistrzostwa Polski Juniorow Mlodszych do lat 14 - OOM Zachodniopomorskie 2023"]
[Site "Darlowek"]
[Date "1899-12-30"]
[Round "1.4"]
[White "Haladaj, Adam"]
[Black "Zielonka, Adam"]
[Result "1/2-1/2"]
[WhiteTitle "I"]
[BlackTitle "I++"]
[WhiteElo "1614"]
[BlackElo "2100"]

1. e4 e5 2. Nf3 Nc6 3. d4 exd4 4. Bc4 Bc5 5. c3 Nf6 6. e5 d5 7. Bb5 Ne4 8. cxd4
Bb6 9. O-O O-O 10. Be3 Bg4 11. Bxc6 bxc6 12. Qc1 Qd7 13. Nbd2 Nxd2 14. Nxd2 f6
15. Nb3 fxe5 16. dxe5 Rad8 17. f3 Bxe3+ 18. Qxe3 d4 19. Nxd4 Qxd4 20. Qxd4 Rxd4
21. fxg4 Re8 22. Rae1 Rxg4 23. Rf2 Rg6 24. Rc2 Kf7 25. Rc5 Rb8 26. b3 Rb6 27.
Re2 Ke7 28. Ra5 a6 29. Rc5 Re6 30. Re4 Rb5 1/2-1/2

[Event "Mistrzostwa Polski Juniorow Mlodszych do lat 14 - OOM Zachodniopomorskie 2023"]
[Site "Darlowek"]
[Date "1899-12-30"]
[Round "1.5"]
[White "Komendecki, Antoni"]
[Black "Micula, Jakub"]
[Result "1-0"]
[WhiteTitle "I++"]
[BlackTitle "I"]
[WhiteElo "1999"]
[BlackElo "1600"]

1. e4 c5 2. Nf3 e6 3. d4 cxd4 4. Nxd4 Nc6 5. Nc3 Qc7 6. a3 a6 7. Be2 Nf6 8. O-O
Be7 9. Nb3 b5 10. Be3 d6 11. f4 Bb7 12. Qe1 Rc8 13. Bf3 Nd7 14. Qf2 O-O 15. Rad1
Na5 16. Nxa5 Qxa5 17. e5 Bxf3 18. gxf3 d5 19. Na2 g6 20. c3 Qc7 21. Nc1 Rb8 22.
Nd3 Rfc8 23. Kh1 Nb6 24. Qg3 Nc4 25. Bc1 Kh8 26. Rg1 Rg8 27. Nf2 f5 28. exf6 Bxf6
29. Ng4 Bg7 30. Rge1 Qf7 31. Ne5 Qf5 32. Nc6 Rbe8 33. Re2 Qf7 34. Ne5 Nxe5 35.
fxe5 Rgf8 36. f4 Qf5 37. Rg1 Rf7 38. Qe3 Rb7 39. Rg5 Qf7 40. Qh3 Rg8 41. Reg2
Bf8 42. Be3 Be7 43. R5g3 Rbb8 44. Bd4 Rbf8 45. Be3 Qf5 46. Qxf5 Rxf5 47. Kg1 Rgf8
48. Rg4 Kg8 49. h3 Kf7 50. Kf2 Ke8 51. Ke2 Kd7 52. Kd3 Rh5 53. R4g3 Rff5 54. Ke2
Bf8 55. Rf3 Kc6 56. Rg5 Bh6 57. Rxf5 Rxf5 58. h4 Bf8 59. Kd3 Be7 60. Bf2 Rh5 61.
Rh3 a5 62. b4 Rf5 63. Rf3 Rf8 64. Ke3 Ra8 65. h5 axb4 66. axb4 Ra3 67. hxg6 hxg6
68. Ke2 Ra8 69. Bd4 Kd7 70. Rg3 Rg8 71. Kf3 Kc6 72. Rg1 Kc7 73. Ra1 Rb8 74. Ra6
Kd7 75. Kg4 Rb7 76. Ra8 Bd8 77. Bc5 Be7 78. Bxe7 Kxe7 79. Rh8 Rb6 80. Kg5 Rc6
81. Rh7+ Kd8 82. Rh3 Rc4 83. Rf3 Ke7 84. Kxg6 d4 85. cxd4 Rxd4 86. Kg5 Rxb4 87.
Rh3 Kd7 88. Rd3+ Ke7 89. Ra3 Kd7 90. Ra7+ Kc6 91. Re7 Kd5 92. Rd7+ Ke4 93. Rd6
Rb1 94. Rxe6 Rg1+ 95. Kf6 Kxf4 96. Rb6 Rh1 97. Rxb5 Rh6+ 98. Kf7 Rh5 99. Ke6 Rh6+
100. Kd7 Rh7+ 101. Kd6 Rh5 102. Rb1 Rh2 103. Rd1 Rh8 104. Rf1+ Kg5 105. e6 Rd8+
106. Ke7 Rd2 107. Kf7 Ra2 108. e7 Ra7 109. Kf8 1-0

[Event "Mistrzostwa Polski Juniorow Mlodszych do lat 14 - OOM Zachodniopomorskie 2023"]
[Site "Darlowek"]
[Date "1899-12-30"]
[Round "1.6"]
[White "Karwot, Marek"]
[Black "Terkiewicz, Bruno"]
[Result "1-0"]
[WhiteTitle "II+"]
[BlackTitle "I++"]
[WhiteElo "1597"]
[BlackElo "1998"]

1. e4 c5 2. c3 Nf6 3. e5 Nd5 4. Nf3 Nc6 5. Bc4 Nb6 6. Bb3 d5 7. exd6 Qxd6 8. O-O
c4 9. Bc2 Bg4 10. h3 Bh5 11. Re1 O-O-O 12. b3 Qf6 13. Na3 Bxf3 14. Qxf3 Qxf3 15.
gxf3 cxb3 16. axb3 e5 17. Be4 Bxa3 18. Rxa3 Nd5 19. d4 exd4 20. c4 Nde7 21. b4
f5 22. Bd3 Rhe8 23. Bd2 Ng6 24. Bxf5+ Kb8 25. Be4 Nce5 26. Bxg6 Nxg6 27. Re4 Rxe4
28. fxe4 d3 29. f4 Rd4 30. Kf2 Rxe4 31. Kf3 Rxc4 32. Rxd3 Ne7 33. Rd7 Nf5 34.
Kg4 Kc8 35. Rd5 Ne7 36. Rg5 g6 37. Re5 Kd7 38. b5 Nf5 39. Kg5 Rd4 40. Bc1 Rd3
41. Kf6 Rxh3 42. Rd5+ Kc7 43. Bb2 Rg3 44. Ke6 h5 45. Be5+ Kb6 46. Kd7 a5 47. Bc7+
Ka7 48. Bxa5 b6 49. Bb4 h4 50. Kc7 Rg2 51. Bd2 Re2 52. Rd3 Re7+ 53. Kc8 Ka8 54.
Bb4 Re3 55. Rd2 Ne7+ 56. Kc7 Nd5+ 57. Rxd5 Re4 58. Kxb6 Re6+ 59. Kc7 Re8 60. b6
Re7+ 61. Bxe7 1-0

[Event "Mistrzostwa Polski Juniorow Mlodszych do lat 14 - OOM Zachodniopomorskie 2023"]
[Site "Darlowek"]
[Date "1899-12-30"]
[Round "1.7"]
[White "Ratajczak, Hubert"]
[Black "Stachowiak, Bruno"]
[Result "1-0"]
[WhiteTitle "I"]
[BlackTitle "II"]
[WhiteElo "1972"]
[BlackElo "1596"]

1. c4 e5 2. Nc3 Nc6 3. g3 g6 4. Bg2 Bg7 5. e3 Nge7 6. Nge2 d6 7. O-O O-O 8. Nd5
Nxd5 9. cxd5 Ne7 10. d4 Nf5 11. dxe5 dxe5 12. Bd2 Nd6 13. Rc1 Bf5 14. Qb3 a5 15.
Rfd1 Qe7 16. Nc3 Bd3 17. Bf1 Bxf1 18. Kxf1 Qd7 19. f3 h5 20. Kg2 h4 21. Qa4 h3+
22. Kf2 b5 23. Qh4 Nc4 24. Rc2 f5 25. Bc1 e4 26. f4 Nb6 27. Qxh3 b4 28. Ne2 Nxd5
29. b3 c6 30. Bb2 Qa7 31. Bd4 Bxd4 32. Rxd4 Rf6 33. g4 Qd7 34. gxf5 Rxf5 35. Rxe4
Nxf4 36. exf4 Raf8 37. Qg3 Kg7 38. Qe3 Kh6 39. Nd4 Rh5 40. f5+ 1-0

[Event "Mistrzostwa Polski Juniorow Mlodszych do lat 14 - OOM Zachodniopomorskie 2023"]
[Site "Darlowek"]
[Date "1899-12-30"]
[Round "1.8"]
[White "Grobelny, Mikolaj"]
[Black "Lecki, Leonard"]
[Result "0-1"]
[WhiteTitle "I"]
[BlackTitle "I+"]
[WhiteElo "1577"]
[BlackElo "1962"]

1. e4 e5 2. Nf3 Nf6 3. Nxe5 Nxe4 4. d3 Qe7 5. dxe4 Qxe5 6. Qd5 Qf6 7. Bg5 Qxb2
8. Bc4 Bb4+ 9. c3 Bxc3+ 10. Nxc3 Qxc3+ 11. Ke2 Qb2+ 12. Bd2 O-O 13. Rab1 Qf6 14.
Rb3 c6 15. Qh5 d5 16. Bd3 Re8 17. Re1 Re5 18. Qf3 dxe4 19. Bxe4 Bf5 20. Bc3 Bxe4
21. Qxf6 gxf6 22. Bxe5 fxe5 23. Kd2 f5 24. Rxb7 c5 25. Rc7 Na6 26. Rd7 Rb8 27.
f3 Bb1 28. Rxe5 Bxa2 29. Rxa7 Rd8+ 30. Ke3 Nb4 31. Rxc5 Re8+ 32. Kd4 Rd8+ 33.
Ke3 Re8+ 34. Kd4 Bf7 35. Ra4 Rd8+ 36. Kc3 Nd5+ 37. Kc2 Ne3+ 38. Kc3 f4 39. Rg5+
Bg6 40. Rxf4 Nd5+ 41. Rxd5 Rxd5 42. Kc4 Rd2 43. Rg4 Kf7 44. Kc3 Rd3+ 45. Kc4 Rd1
46. Rd4 Rh1 47. h4 Ke6 48. g3 Rc1+ 49. Kb3 Rc7 50. Rc4 Rxc4 51. Kxc4 Ke5 52. Kc3
Bh5 53. g4 Bf7 54. g5 Kf4 55. Kd4 Kxf3 56. Ke5 Kg4 57. Kf6 Kxh4 0-1

[Event "Mistrzostwa Polski Juniorow Mlodszych do lat 14 - OOM Zachodniopomorskie 2023"]
[Site "Darlowek"]
[Date "1899-12-30"]
[Round "1.9"]
[White "Pycinski, Wladyslaw"]
[Black "Wasiluk, Mateusz"]
[Result "1-0"]
[WhiteTitle "I"]
[BlackTitle "II+"]
[WhiteElo "1942"]
[BlackElo "1570"]

1. e4 e6 2. d4 d5 3. Nd2 c5 4. exd5 Qxd5 5. Ngf3 cxd4 6. Bc4 Qd7 7. O-O Nc6 8.
Nb3 a6 9. a4 Qc7 10. Nbxd4 Nxd4 11. Qxd4 Bd7 12. Bf4 Qc5 13. Qxc5 Bxc5 14. Ne5
Rd8 15. Rfd1 Nf6 16. Kf1 Be7 17. Nxd7 Nxd7 18. Be2 e5 19. Be3 Rc8 20. c3 f5 21.
f3 Bc5 22. Bxc5 Rxc5 23. Rac1 Ke7 24. b4 Rc7 25. a5 Rhc8 26. c4 Nf6 27. c5 Rd7
28. Rxd7+ Kxd7 29. Rd1+ Kc7 30. Ke1 Rd8 31. Rxd8 Kxd8 32. c6 bxc6 33. Bxa6 Nd5
34. Bd3 g6 35. b5 cxb5 36. Bxb5 Kc7 37. Kd2 e4 38. fxe4 fxe4 39. Bc4 Nf6 40. Ke3
g5 41. h3 Kd6 42. a6 Kc6 43. Kd4 g4 44. hxg4 Nxg4 45. Kxe4 h6 46. Kf4 Nf2 47.
Be2 1-0

[Event "Mistrzostwa Polski Juniorow Mlodszych do lat 14 - OOM Zachodniopomorskie 2023"]
[Site "Darlowek"]
[Date "1899-12-30"]
[Round "1.10"]
[White "Jablonski, Antoni"]
[Black "Jasiulewicz, Dawid"]
[Result "1/2-1/2"]
[WhiteTitle "II+"]
[BlackTitle "I"]
[WhiteElo "1567"]
[BlackElo "1927"]

1. d4 d5 2. c4 dxc4 3. e4 e5 4. Nf3 exd4 5. Bxc4 Bb4+ 6. Bd2 Bxd2+ 7. Nbxd2 Nf6
8. e5 Ng4 9. O-O O-O 10. h3 Nh6 11. Nb3 Nc6 12. Nbxd4 Nxd4 13. Nxd4 Nf5 14. Nxf5
Bxf5 15. Qb3 Rb8 16. Rfe1 b5 17. Bd5 c5 18. Rad1 c4 19. Qe3 Qc7 20. e6 fxe6 21.
Bxe6+ Bxe6 22. Qxe6+ Qf7 23. Qxf7+ Rxf7 24. Rd5 Rc7 25. Kf1 b4 26. Rc1 b3 27.
axb3 Rxb3 28. Rd4 Rb4 29. b3 Rxb3 30. Rdxc4 Re7 31. Rc7 Rb7 32. Rxb7 Rxb7 33.
Rc6 a5 34. Ra6 Rb5 35. g3 h6 36. Ke2 Kf7 37. Kf3 Rb3+ 38. Ke4 Rb4+ 39. Kf5 Rb5+
40. Ke4 Rb4+ 41. Kf5 Rb5+ 1/2-1/2

[Event "Mistrzostwa Polski Juniorow Mlodszych do lat 14 - OOM Zachodniopomorskie 2023"]
[Site "Darlowek"]
[Date "1899-12-30"]
[Round "1.11"]
[White "Liskiewicz, Jakub"]
[Black "Prokopiuk, Jakub"]
[Result "1-0"]
[WhiteTitle "I++"]
[BlackTitle "I"]
[WhiteElo "1902"]
[BlackElo "1562"]

1. d4 d5 2. c4 e6 3. Nc3 Nf6 4. Bg5 Be7 5. e3 h6 6. Bh4 O-O 7. Nf3 b6 8. cxd5 Nxd5
9. Bxe7 Qxe7 10. Nxd5 exd5 11. Bd3 Be6 12. O-O Nd7 13. Rc1 c5 14. dxc5 Nxc5 15.
Nd4 Rac8 16. a3 Nxd3 17. Qxd3 Qb7 18. h3 Rxc1 19. Rxc1 Rc8 20. Rc3 Rc5 21. Kf1
Qc7 22. f4 Rxc3 23. Qxc3 Qxc3 24. bxc3 Bd7 25. Ke2 Kf8 26. Kd3 Ke7 27. Nf3 Kd6
28. Kd4 f6 29. Nh4 g5 30. Nf3 Bb5 31. g3 Bd7 32. fxg5 hxg5 33. h4 gxh4 34. gxh4
Bg4 35. Ne1 Ke6 36. Nd3 Bf3 37. Nf4+ Kd6 38. h5 b5 39. h6 Be4 40. Nxd5 Bg6 41.
Nxf6 Ke6 42. h7 Bxh7 43. Nxh7 1-0

[Event "Mistrzostwa Polski Juniorow Mlodszych do lat 14 - OOM Zachodniopomorskie 2023"]
[Site "Darlowek"]
[Date "1899-12-30"]
[Round "1.12"]
[White "Jaszczuk, Piotr"]
[Black "Bochniak, Franciszek"]
[Result "0-1"]
[WhiteTitle "II"]
[BlackTitle "I++"]
[WhiteElo "1556"]
[BlackElo "1884"]

1. e4 c5 2. Nf3 g6 3. d4 cxd4 4. Nxd4 Bg7 5. c4 Nc6 6. Be3 Qb6 7. Nb3 Qd8 8. Nc3
Bxc3+ 9. bxc3 Nf6 10. f3 d6 11. Be2 O-O 12. O-O b6 13. Qd2 Ba6 14. Rfd1 Qc8 15.
Bg5 Rd8 16. Bxf6 exf6 17. Qf4 Qe6 18. Nd4 Nxd4 19. cxd4 Rac8 20. d5 Qe5 21. Qxe5
fxe5 22. Rdc1 Rc5 23. a4 Rdc8 24. a5 b5 25. Rc3 b4 26. Rb3 Bxc4 27. Bxc4 Rxc4
28. Rab1 Rb8 29. R1b2 f5 30. exf5 gxf5 31. Kf2 a6 32. Ke3 Rb5 33. g3 Kf7 34. f4
Kf6 35. h3 h5 36. h4 e4 37. Ke2 Rxd5 38. Rxb4 Rc3 39. Rd2 Rxd2+ 40. Kxd2 Rxg3
41. Rb6 Ke6 42. Rxa6 Kd5 43. Ra8 Kd4 44. Rd8 d5 45. a6 Rg2+ 46. Kd1 Ra2 47. Rd6
e3 48. Ke1 Ke4 49. Kd1 d4 50. a7 Kd3 0-1

[Event "Mistrzostwa Polski Juniorow Mlodszych do lat 14 - OOM Zachodniopomorskie 2023"]
[Site "Darlowek"]
[Date "1899-12-30"]
[Round "1.13"]
[White "Suska, Szymon"]
[Black "Rajlich, Vaclav"]
[Result "1-0"]
[WhiteTitle "I"]
[BlackTitle "I"]
[WhiteElo "1879"]
[BlackElo "1530"]

1. c4 Nf6 2. Nc3 g6 3. g3 Bg7 4. Bg2 O-O 5. Nf3 Nc6 6. d4 d6 7. O-O a6 8. Bg5 h6
9. Bf4 Nh5 10. Be3 Rb8 11. Rc1 f5 12. d5 Ne5 13. Nxe5 dxe5 14. Ba7 Ra8 15. Bc5
f4 16. Be4 Bh3 17. Bxg6 Nf6 18. Qd3 Bxf1 19. Rxf1 b6 20. Ba3 Kh8 21. Ne4 Nxe4
22. Bxe4 Rb8 23. Qf3 Qe8 24. Qg4 Rf6 25. b3 e6 26. d6 Qd7 27. Rd1 Rd8 28. Bb2
Rf5 29. Bxf5 exf5 30. Qh5 cxd6 31. gxf4 Rg8 32. Kh1 Qe6 33. Rg1 Kh7 34. fxe5 Bxe5
35. Rxg8 Kxg8 36. Bxe5 dxe5 37. Qf3 e4 38. Qf4 a5 39. Kg2 Kg7 40. Qc7+ Kg6 41.
e3 h5 42. a3 h4 43. h3 Qf6 44. b4 axb4 45. axb4 Kg5 46. c5 bxc5 47. bxc5 Qc3 48.
c6 Qc2 49. Qd8+ Kh5 50. c7 Qe2 51. Qh8+ Kg5 52. Qg8+ Kh5 53. c8=Q Qf3+ 54. Kg1
1-0

[Event "Mistrzostwa Polski Juniorow Mlodszych do lat 14 - OOM Zachodniopomorskie 2023"]
[Site "Darlowek"]
[Date "1899-12-30"]
[Round "1.14"]
[White "Futyma, Dawid"]
[Black "Kania, Franciszek"]
[Result "1-0"]
[WhiteTitle "I"]
[BlackTitle "I"]
[WhiteElo "1519"]
[BlackElo "1875"]

1. Nf3 Nf6 2. d4 g6 3. Bg5 Bg7 4. c4 O-O 5. Nc3 d6 6. e4 h6 7. Bh4 Nbd7 8. Be2
c6 9. O-O Qc7 10. Bg3 Nh5 11. Qc2 e5 12. d5 a5 13. Nd2 Nf4 14. Rac1 f5 15. Bxf4
exf4 16. exf5 gxf5 17. Bf3 Be5 18. Rcd1 Ra7 19. Nb3 Nc5 20. Rfe1 Nxb3 21. Qxb3
Kh8 22. Qc2 Qg7 23. Ne2 Bd7 24. b3 Rg8 25. Qc1 cxd5 26. Nxf4 dxc4 27. Nh5 Qh7
28. Rxe5 dxe5 29. Nf6 Qg7 30. Nxg8 Kxg8 31. Qxc4+ Kh8 32. Qc7 Bc6 33. Qc8+ Kh7
34. Qxf5+ Qg6 35. Qxe5 Ra8 36. Bxc6 bxc6 37. h3 Re8 38. Qd6 Qf7 39. Qxc6 Re7 40.
Qc2+ Kg7 41. Qc3+ Kh7 42. Qc4 Qf6 43. Qd3+ Kg8 44. Qd4 Re1+ 45. Kh2 Qe7 46. Qd8+
1-0

[Event "Mistrzostwa Polski Juniorow Mlodszych do lat 14 - OOM Zachodniopomorskie 2023"]
[Site "Darlowek"]
[Date "1899-12-30"]
[Round "1.15"]
[White "Dobosiewicz, Dawid"]
[Black "Gruca, Karol"]
[Result "1-0"]
[WhiteTitle "I+"]
[BlackTitle "II+"]
[WhiteElo "1872"]
[BlackElo "1510"]

1. c4 c5 2. g3 g6 3. Bg2 Bg7 4. Nc3 Nc6 5. d3 d6 6. e4 e6 7. Nge2 Nge7 8. h4 h5
9. O-O O-O 10. Bg5 Qd7 11. Qd2 Kh7 12. a3 b6 13. Rab1 Bb7 14. b4 Rad8 15. Bh3
f6 16. Be3 f5 17. Bg2 Nd4 18. Bxd4 cxd4 19. Nb5 Nc6 20. exf5 Rxf5 21. a4 a6 22.
Na3 Qf7 23. Nc2 Bh6 24. Qd1 Rf8 25. f4 e5 26. b5 axb5 27. Rxb5 Na7 28. Rxb6 Bxg2
29. Kxg2 Nc8 30. Rb8 d5 31. cxd5 Qxd5+ 32. Kg1 R5f7 33. Rb5 Qd7 34. Rxe5 Qg4 35.
Kh2 Rxf4 36. Nxf4 Qxd1 37. Rxd1 Rxf4 38. gxf4 Bxf4+ 39. Kh3 Bxe5 40. Re1 Bg7 41.
a5 Kh6 42. a6 Bf6 43. Nb4 Na7 44. Re6 Bd8 45. Nc6 1-0

[Event "Mistrzostwa Polski Juniorow Mlodszych do lat 14 - OOM Zachodniopomorskie 2023"]
[Site "Darlowek"]
[Date "1899-12-30"]
[Round "1.16"]
[White "Wojtacha, Krzysztof"]
[Black "Rekuc, Patryk"]
[Result "0-1"]
[WhiteTitle "I"]
[BlackTitle "I"]
[WhiteElo "1505"]
[BlackElo "1852"]

1. e4 c5 2. Nf3 d6 3. d4 cxd4 4. Nxd4 Nf6 5. Nc3 a6 6. f3 e5 7. Nb3 Be6 8. Be3
h5 9. Nd5 Bxd5 10. exd5 Nbd7 11. Qd2 Be7 12. Be2 Qc7 13. Rc1 O-O 14. O-O a5 15.
a4 Nb6 16. c4 Bd8 17. Kh1 Qd7 18. c5 Qxa4 19. cxb6 Qxb3 20. Bc4 Qb4 21. Qxb4 axb4
22. Ra1 Rxa1 23. Rxa1 Nd7 24. Ra7 Bxb6 25. Rxb7 Bxe3 26. Rxd7 Ra8 27. g3 Ra1+
28. Kg2 Bc5 29. Rd8+ Kh7 30. Rf8 Kg6 31. Rh8 Rd1 32. b3 Rd2+ 33. Kh3 Bg1 34. g4
hxg4+ 35. Kg3 Bf2+ 36. Kxg4 f5+ 37. Kh3 Bg1 38. Rh4 Rxh2+ 39. Kg3 f4+ 40. Kg4
Rg2+ 41. Kh3 Rg3# 0-1

[Event "Mistrzostwa Polski Juniorow Mlodszych do lat 14 - OOM Zachodniopomorskie 2023"]
[Site "Darlowek"]
[Date "1899-12-30"]
[Round "1.17"]
[White "Olszewski, Antoni"]
[Black "Nocek, Dominik"]
[Result "1-0"]
[WhiteTitle "II+"]
[BlackTitle "I"]
[WhiteElo "1821"]
[BlackElo "1501"]

1. e4 e5 2. Nf3 Nc6 3. Bb5 a6 4. Ba4 Nf6 5. d3 b5 6. Bb3 Bc5 7. Nc3 d6 8. Nd5 h6
9. c3 O-O 10. Nxf6+ Qxf6 11. Bd5 Bd7 12. Rg1 Qe7 13. g4 Kh7 14. g5 h5 15. Nd4
g6 16. Nxc6 Bxc6 17. Bxc6 Rad8 18. Be3 f5 19. gxf6 Qxf6 20. Qe2 b4 21. Bxc5 dxc5
22. Bd5 bxc3 23. bxc3 Rb8 24. Rg3 Qh4 25. Rf3 Qxh2 26. Rxf8 Rxf8 27. Rb1 Qf4 28.
Qe3 Qh2 29. Rb7 Qg1+ 30. Ke2 Qg4+ 31. Kd2 Qf4 32. Rxc7+ Kh6 33. Qxf4+ Rxf4 34.
Ke3 h4 35. Rf7 Rg4 36. Be6 Rg1 37. f4 h3 38. Bxh3 Rg3+ 39. Ke2 Rxh3 40. fxe5 g5
41. Rf3 Rh1 42. e6 Kg7 43. e7 Rh8 44. Rf8 Rxf8 45. exf8=Q+ Kxf8 46. Kf3 Ke7 47.
Kg4 Kf6 48. d4 1-0

[Event "Mistrzostwa Polski Juniorow Mlodszych do lat 14 - OOM Zachodniopomorskie 2023"]
[Site "Darlowek"]
[Date "1899-12-30"]
[Round "1.18"]
[White "Durzynski, Jan"]
[Black "Nowakowski, Maksymilian"]
[Result "0-1"]
[WhiteTitle "I"]
[BlackTitle "I"]
[WhiteElo "1499"]
[BlackElo "1788"]

1. e4 e6 2. d4 d5 3. exd5 exd5 4. Bd3 Bd6 5. Nf3 Nc6 6. Nc3 Nge7 7. h3 Be6 8. O-O
Qd7 9. Nb5 h6 10. Re1 g5 11. Ne5 Bxe5 12. dxe5 O-O-O 13. c3 Rdg8 14. Nd4 g4 15.
h4 g3 16. f3 Nxd4 17. cxd4 Bf5 18. Bf4 Bxd3 19. Qxd3 Qf5 20. Qxf5+ Nxf5 21. e6
f6 22. h5 Re8 23. Rad1 Re7 24. Kf1 Rhe8 25. a3 Rxe6 26. Rxe6 Rxe6 27. Rd3 Kd7
28. Rb3 Rb6 29. Rxb6 axb6 30. b4 c5 31. dxc5 bxc5 32. bxc5 Kc6 33. Ke2 Kxc5 34.
Kd3 Kb5 35. Kc3 Ka4 36. Bc1 b5 37. Kc2 Ng7 38. Bxh6 Nxh5 39. Bc1 Ng7 40. Bb2 Ne6
41. Bxf6 Kxa3 42. Be5 b4 43. f4 Ka2 44. f5 b3+ 45. Kd2 Nc5 46. Ke3 Ne4 47. Bd4
b2 48. Bxb2 Kxb2 49. Kd4 Kc2 50. Kxd5 Kd3 51. Ke5 Ke3 52. Kd5 Nf6+ 53. Ke6 Ng4
54. Kf7 Nh6+ 0-1

[Event "Mistrzostwa Polski Juniorow Mlodszych do lat 14 - OOM Zachodniopomorskie 2023"]
[Site "Darlowek"]
[Date "1899-12-30"]
[Round "1.19"]
[White "Zmarzly, Wiktor"]
[Black "Uhryn, Mateusz"]
[Result "1-0"]
[WhiteTitle "I+"]
[BlackTitle "I"]
[WhiteElo "1763"]
[BlackElo "1485"]

1. c4 c5 2. Nc3 Nc6 3. g3 g6 4. Bg2 Bg7 5. e4 d6 6. Nge2 e5 7. O-O Nge7 8. d3 O-O
9. f4 f5 10. Rb1 Be6 11. Nd5 Nd4 12. Nxd4 exd4 13. Re1 Nxd5 14. cxd5 Bf7 15. Bd2
Re8 16. Qb3 Qc7 17. Rbc1 Re7 18. Qa3 Rc8 19. b4 b6 20. bxc5 bxc5 21. e5 dxe5 22.
Qa6 Qd7 23. d6 Re6 24. fxe5 Bxe5 25. Bd5 Ree8 26. Qb7 Qxb7 27. Bxb7 Rcd8 28. d7
Rxd7 29. Bc6 Rde7 30. Bxe8 Rxe8 31. Rxc5 Bd6 32. Rxe8+ Bxe8 33. Rd5 Bc7 34. Kf1
Bb6 35. Ba5 Bf7 36. Rb5 Bxa2 37. Bxb6 axb6 38. Rxb6 Kg7 39. Rd6 h5 40. Kf2 Bb1
41. Rxd4 Kf6 42. Ke3 Ke5 43. Rb4 Ba2 44. d4+ Kf6 45. h4 Bf7 46. Kf4 Ke6 47. Rb5
Kd6 48. Kg5 Kc6 49. Rc5+ Kd6 50. Kf6 Be8 51. Re5 1-0

[Event "Mistrzostwa Polski Juniorow Mlodszych do lat 14 - OOM Zachodniopomorskie 2023"]
[Site "Darlowek"]
[Date "1899-12-30"]
[Round "1.20"]
[White "Jagodzinski, Jaromir"]
[Black "Kraczek, Cezary"]
[Result "1/2-1/2"]
[WhiteTitle "II+"]
[BlackTitle "I"]
[WhiteElo "1473"]
[BlackElo "1720"]

1. e4 c5 2. Nf3 d6 3. d4 cxd4 4. Nxd4 Nf6 5. Nc3 a6 6. Bg5 e6 7. f4 Be7 8. Qf3
Nbd7 9. O-O-O Qc7 10. g4 h6 11. Bxf6 Bxf6 12. h4 Qb6 13. Nb3 Nc5 14. Nxc5 dxc5
15. e5 Be7 16. Ne4 Bd7 17. Nd6+ Bxd6 18. Rxd6 Bc6 19. Qf2 Rd8 20. Rxd8+ Kxd8 21.
Bg2 Kc7 22. Rd1 Bxg2 23. Qxg2 Rd8 24. Rxd8 Kxd8 25. g5 Qb4 26. Qd2+ Qxd2+ 27.
Kxd2 h5 28. c4 Kc7 29. Kd3 Kc6 30. Kc3 g6 1/2-1/2

[Event "Mistrzostwa Polski Juniorow Mlodszych do lat 14 - OOM Zachodniopomorskie 2023"]
[Site "Darlowek"]
[Date "1899-12-30"]
[Round "1.21"]
[White "Niesyt, Michal"]
[Black "Uhryn, Lukasz"]
[Result "0-1"]
[WhiteTitle "I"]
[BlackTitle "I"]
[WhiteElo "1710"]
[BlackElo "1455"]

1. e4 c5 2. Nf3 e6 3. d4 cxd4 4. Nxd4 Nf6 5. Nc3 Nc6 6. Ndb5 Bb4 7. a3 Bxc3+ 8.
Nxc3 d5 9. exd5 exd5 10. Bd3 O-O 11. O-O d4 12. Ne2 Bg4 13. Bg5 Re8 14. f3 Bh5
15. Ng3 Bg6 16. Ne4 Bxe4 17. fxe4 Ne5 18. Bxf6 gxf6 19. Qh5 Kg7 20. Rf4 Ng6 21.
Rf5 Re5 22. Raf1 Rc8 23. Qg4 Rc6 24. h4 Kh8 25. h5 Rxf5 26. exf5 Ne5 27. Qe4 h6
28. Rf4 Rd6 29. Qxb7 a5 30. Qe4 Qb6 31. b3 Qc5 32. a4 Rd8 33. Rf1 Rg8 34. Rf4
Qc3 35. Kh2 Qd2 36. Be2 Re8 37. Kh1 Re7 38. Rf1 Nc6 39. Qxc6 Qxe2 40. Qa8+ Re8
41. Qf3 Qxc2 42. Rf2 Qb1+ 43. Rf1 Re1 44. Rxe1 Qxe1+ 45. Kh2 Qc3 46. Qd5 Kg7 47.
Kg1 d3 48. Kf2 Qd2+ 49. Kf3 Qe2+ 50. Kg3 d2 51. Qf3 Qxf3+ 52. Kxf3 d1=Q+ 0-1

[Event "Mistrzostwa Polski Juniorow Mlodszych do lat 14 - OOM Zachodniopomorskie 2023"]
[Site "Darlowek"]
[Date "1899-12-30"]
[Round "1.22"]
[White "Gawlik, Olivier"]
[Black "Butkiewicz, Jan"]
[Result "1/2-1/2"]
[WhiteTitle "II+"]
[BlackTitle "I"]
[WhiteElo "1412"]
[BlackElo "1691"]

1. e4 c5 2. Nf3 g6 3. c4 Bg7 4. d4 cxd4 5. Nxd4 Nc6 6. Be3 Nf6 7. Nc3 d6 8. Be2
O-O 9. O-O Nxd4 10. Bxd4 Be6 11. f4 Qa5 12. Qd3 Rac8 13. b3 a6 14. f5 Bd7 15.
g4 Bc6 16. g5 Nd7 17. Bxg7 Kxg7 18. Nd5 Bxd5 19. exd5 f6 20. Qh3 Qc5+ 21. Kh1
Ne5 22. Qh6+ Kg8 23. fxg6 hxg6 24. Bh5 Rf7 25. Bxg6 Nxg6 26. gxf6 exf6 27. Qxg6+
Rg7 28. Qxf6 Qe3 29. Rae1 Qh3 30. Qe6+ Qxe6 31. Rxe6 b5 32. Rxd6 bxc4 33. bxc4
Rxc4 34. Rxa6 Rd4 35. d6 Rd7 36. a3 Rd2 37. Rc1 Kf7 38. Rc7 R2xd6 39. Rxd6 Rxc7
40. Kg2 Ra7 41. Rd3 Ra4 42. Kf3 Kf6 43. Ke2 Ke5 44. Kd2 Rh4 45. h3 Rc4 46. Rg3
Rh4 47. Rg5+ Kd6 48. Rg3 Kd5 49. Kc3 Kc5 50. Kb3 Kb5 51. a4+ Ka5 1/2-1/2